<The> hard ECU - a substitute for the D-Mark or a Trojan horse?

Princípy návrhu britskej vlády na postupné pretvorenie ECU na "tvrdú" európsku menu. Analyzujú sa výhody "tvrdého" ECU oproti súčasnej spoločnej menovej jednotke a zvažujú sa možnosti uplatnenia oboch ako paralelných menových jednotiek.

Guardado en:
Detalles Bibliográficos
Autor principal: Hasse, Rolf H.
Otros Autores: Koch, T.
Formato: Capítulo de libro
Lenguaje:inglés
Materias:
Etiquetas: Agregar Etiqueta
Sin Etiquetas, Sea el primero en etiquetar este registro!

MARC

LEADER 00000naa a2200000 4500
001 r005547
005 20221130103329.5
041 0 |a eng 
044 |a DE 
245 1 0 |a <The> hard ECU - a substitute for the D-Mark or a Trojan horse?  |c R.H. Hasse, T. Koch 
520 |a Princípy návrhu britskej vlády na postupné pretvorenie ECU na "tvrdú" európsku menu. Analyzujú sa výhody "tvrdého" ECU oproti súčasnej spoločnej menovej jednotke a zvažujú sa možnosti uplatnenia oboch ako paralelných menových jednotiek. 
610 2 0 |a politika menová 
610 2 0 |a ECU 
610 2 0 |a marka 
610 2 0 |a Veľká Británia 
610 2 0 |a EMF 
100 1 |a Hasse, Rolf H. 
700 1 |a Koch, T.